| 000 | 00732nam a2200217 i 4500 | ||
|---|---|---|---|
| 001 | 170772 | ||
| 003 | ES-MaACL | ||
| 005 | 20251019063054.0 | ||
| 008 | 090403s1942 xxk |||| | eng d | ||
| 080 | _a821.111(73)-31"19" | ||
| 100 | 1 |
_aHemingway, Ernest, _d1899-1961 _9242377 |
|
| 245 | 1 | 0 |
_aFor whom the bell tolls / _cby Ernest Hemingway. |
| 260 |
_aLondon : _bThe Reprint Society, _c1942. |
||
| 300 |
_a443 p. ; _c19 cm. |
||
| 490 | 1 | _aWorld books | |
| 595 | _a1st published 1941. | ||
| 651 | 4 |
_aEspaña- _xHistoria- _y1936-1939, Guerra civil- _vNovelas. _98310 |
|
| 830 | 0 |
_aWorld books _9223078 |
|
| 852 | 4 |
_aES-MaACL _jE-12545 _9R.140186 _z. - Biblioteca Jacinto Martínez Lacalle |
|
| 999 |
_c170772 _d170772 |
||